000 00649nam a2200169Ia 4500
003 LDD
008 190117s9999 xx 000 0 und d
020 _c₹14
040 _cLDD
041 _ahi
082 _a8S2.09 श6459भ
100 _aशर्मा, ब्रज वल्लभ
245 0 _aभवभूति के नाटक
_b संस्कृत नाट्य-शास्त्र के आलोक में
_cब्रज वल्लभ शर्मा
260 _aभोपाल
_bमध्य प्रदेश हिंदी ग्रंथ अकादमी
_c1973
300 _a363पृ.
942 _2ddc
_cH
999 _c170842
_d170842